| 000 | 00000nam##2200000za#4500 |
| 001 | 9.572144 |
| 003 | CaOODSP |
| 005 | 20220111083047 |
| 007 | cr ||||||||||| |
| 008 | 150406|1990||||xxc|||||o f|0| 0 eng|d |
| 022 | |a1928-6414 |
| 040 | |aCaOODSP|beng |
| 043 | |an-cn--- |
| 086 | 1 |aNE22-1/1990-9E-PDF |
| 110 | 1 |aCanada. |bNational Energy Board. |
| 245 | 10|aReasons for decision in the matter of Interhome Energy Inc. which carries on its pipeline operations as "Interprovincial Pipe Line Company, a division of Interhome Energy Inc." : |h[electronic resource]|breview of recommendation 5:9,Integrity of existing pipelines, of the National Energy Board report MH-2-85 dated June 1986 - an accident on 19 February 1985 near Camrose, Alberta on the pipeline system of the Interprovincial Pipe Line Company Limited |
| 246 | 1 |iVariant title : |aInterhome Energy Inc. which carries on its pipeline operations as "Interprovincial Pipe Line Company, a division of Interhome Energy Inc." |
| 260 | |aOttawa - Ontario : |bNational Energy Board |cSeptember 1990. |
| 300 | |a62p.|bfigs., tables |
| 490 | 1 |aReasons for decision|x1928-6414|vOHW-1-89 |
| 500 | |aThe catalogue number (NE22-1/1990-9E) and ISBN (0-662-18137-9) for the print edition have been incorrectly copied in this electronic publication. |
| 590 | |a12-04-Supp|b2012-02-20 |
| 775 | 08|tMotifs de décision relativement à Énergie Interhome Inc. menant ses activités pipelinières sous le nom de "Compagnie Pipeline Interprovincial Limitée, division d'Énergie Interhome Inc." : |w(CaOODSP)9.602556 |
| 830 | #0|aReasons for decision (Canada. National Energy Board)|x1928-6414|vOHW-1-89|w(CaOODSP)9.504480 |
| 856 | 40|ahttp://publications.gc.ca|qPDF|s211 KB|uhttps://publications.gc.ca/collections/Collection/NE22-1-1990-9E.pdf|yOHW-1-89 |